| 000 | 01043pam a2200289 a 4500 | ||
|---|---|---|---|
| 999 |
_c128255 _d128255 |
||
| 001 | 2961712 | ||
| 003 | ARRUPE | ||
| 005 | 20180925102808.0 | ||
| 008 | 911025s1992 nyu b 001 0 eng | ||
| 010 | _a 91038427 | ||
| 020 |
_a081291998X : _c$24.00 |
||
| 040 |
_aDLC _cDLC _dDLC |
||
| 043 | _af------ | ||
| 050 | 0 | 0 |
_aDT30.5 _b.D37 1992 |
| 082 | 0 | 0 |
_a320.96 _220 |
| 100 | 1 |
_aDavidson, Basil, _d1914-2010. _930545 |
|
| 245 | 1 | 4 |
_aThe Black man's burden : _bAfrica and the curse of the nation-state / _cBasil Davidson. |
| 250 | _a1st ed. | ||
| 260 |
_aNew York : _bTimes Books, _c1992. |
||
| 300 |
_axi, 355 p. ; _c22 cm. |
||
| 504 | _aIncludes bibliographical references and index. | ||
| 650 | 0 |
_aNation-state. _942541 |
|
| 651 | 0 |
_aAfrica _xPolitics and government _y1960- _942542 |
|
| 651 | 0 |
_aAfrica _xEthnic relations. _942543 |
|
| 906 |
_a7 _bcbc _corignew _d1 _eocip _f19 _gy-gencatlg |
||
| 942 |
_2lcc _cMONOGRAPH |
||